000 00415nam a22001577a 4500
003 PILC
005 20160126152308.0
008 160126b xxu||||| |||| 00| 0 eng d
020 _a9780439973939
050 _aPZ 7 .R777 2004
100 _aRook, Sebastian
245 _aVampire plagues :
_blondon
_cSebastian Rook
260 _aUSA :
_bScholastic Inc.
_c2004
300 _a231 pages.
_c21 cm.
942 _2lcc
_cBK
999 _c290445
_d290445